[Event "Ambitious"]
[Site "SchemingMind.com"]
[Date "2008.05.29"]
[Round "-"]
[White "dcon"]
[Black "CenturyBugs"]
[Result "1-0"]
[WhiteCountry "RSA"]
[BlackCountry "ENG"]
[WhiteElo "2234"]
[WhiteRD "63"]
[BlackElo "2088"]
[BlackRD "67"]
[GameID "156685"]

1. d4 d5 2. c4 dxc4 3. e4 e5 4. Nf3 Bb4+ 5. Bd2 Bxd2+ 6. Qxd2 exd4 7. Qxd4 Qxd4 8. Nxd4 Bd7 9. Bxc4 Nf6 10. e5 Ng4
11. O-O c5 12. Nb3 b6 13. Nc3 Nc6 14. Rae1 Be6 15. Bb5 Rc8 16. h3 Nh6 17. Nd2 O-O 18. Nc4 Rc7 19. f4 f6 20. exf6 Rxf6
21. g4 Kh8 22. g5 Rg6 23. h4 Bxc4 24. Bxc4 Re7 25. h5 Nf5 26. hxg6 Ne3 27. Nd5 Nb4 28. Nxe7 Nxc4 29. Nc8 Nd6 30. Nxd6 hxg6
31. Re8+ Kh7 32. Rf3 Nxa2 33. Rh3#
1-0

[Event "Ambitious"]
[Site "SchemingMind.com"]
[Date "2008.05.30"]
[Round "-"]
[White "CenturyBugs"]
[Black "dcon"]
[Result "0-1"]
[WhiteCountry "ENG"]
[BlackCountry "RSA"]
[WhiteElo "2088"]
[WhiteRD "67"]
[BlackElo "2234"]
[BlackRD "63"]
[GameID "156686"]

1. Nf3 d5 2. d4 c5 3. dxc5 e6 4. Bg5 Qc7 5. b4 a5 6. c3 axb4 7. cxb4 b6 8. e3 bxc5 9. Bf4 Qb6 10. b5 c4
11. a4 Bd7 12. Nc3 Bb4 13. Qd2 Bxb5 14. e4 Nf6 15. e5 Ne4 16. Nxe4 Bxd2+ 17. Nexd2 Bxa4 18. Rb1 Qc5 19. Be2 c3 20. Nf1 c2
21. Rc1 Nc6 22. N1d2 Nd4 23. Nxd4 Qxd4 24. Bg3 Rb8 25. Bh5 Qc3 26. Bf4 Rb1 27. O-O Rxc1 28. Rxc1 Qb2 29. Nf3 g6 30. Bg4 h5
31. Bh3 O-O 32. g3 d4 33. Bf1 Rb8 34. Bd3 Qc3 35. Be4 Rb1 36. Rf1 Rxf1+ 37. Kxf1 d3 38. Kg2 Bc6 39. Bd2 Qxd2 40. Nxd2 c1=Q
41. Bxc6 Qxc6+ 42. Kg1 Qc1+ 43. Kg2 Qxd2 44. h3 Qe2 45. g4 d2 46. Kg3 d1=Q 47. gxh5 Qg1+ 48. Kf4 Qgxf2+ 49. Kg5 Qee3+ 50. Kg4 Qef4#
0-1

[Event "Ambitious"]
[Site "SchemingMind.com"]
[Date "2008.05.29"]
[Round "-"]
[White "Konan_Kaddosh"]
[Black "CenturyBugs"]
[Result "1-0"]
[WhiteCountry "ITA"]
[BlackCountry "ENG"]
[WhiteElo "2555"]
[WhiteRD "61"]
[BlackElo "2088"]
[BlackRD "67"]
[GameID "156943"]

1. e4 e5 2. Nf3 Nc6 3. Bb5 a6 4. Ba4 Nf6 5. O-O Nxe4 6. d4 b5 7. Bb3 d5 8. dxe5 Be6 9. Nbd2 Nc5 10. c3 Be7
11. Bc2 b4 12. Nd4 Nxe5 13. cxb4 Nb7 14. Qh5 Qd7 15. Qxe5 Bf6 16. Qe3 O-O 17. Nxe6 Qxe6 18. Qxe6 fxe6 19. Nf3 c5 20. Re1 Rfe8
21. bxc5 Nxc5 22. Be3 Nd7 23. Bd4 Rac8 24. Ba4 Rc7 25. Ne5 Bxe5 26. Bxe5 Ra7 27. Rac1 g6 28. Bd4 Rb7 29. Bc6 Rc7 30. Bb6 Nxb6
31. Bxe8 Rxc1 32. Rxc1 Kf8 33. Rc6 Na4 34. Rxa6 Nxb2 35. Rxe6 Nd3 36. a4 Nc5 37. Re5 Na6 38. a5 d4 39. Bb5 Nc7 40. Rc5 Na8
41. Rc8+
1-0

[Event "Ambitious"]
[Site "SchemingMind.com"]
[Date "2008.05.29"]
[Round "-"]
[White "Konan_Kaddosh"]
[Black "dcon"]
[Result "1-0"]
[WhiteCountry "ITA"]
[BlackCountry "RSA"]
[WhiteElo "2525"]
[WhiteRD "62"]
[BlackElo "2202"]
[BlackRD "62"]
[GameID "156944"]

1. e4 d5 2. exd5 Qxd5 3. Nc3 Qa5 4. d4 Nf6 5. Nf3 c6 6. Bc4 Bg4 7. h3 Bh5 8. Bd2 Qd8 9. g4 Bg6 10. Qe2 b5
11. Bb3 a5 12. a3 a4 13. Ba2 Bxc2 14. g5 Nfd7 15. Bf4 Bb3 16. Bxb3 axb3 17. d5 Nc5 18. Rd1 Qb6 19. Nd4 Ra7 20. Bxb8 Qxb8
21. Nxc6 Qb6 22. Nxa7
1-0

[Event "Ambitious"]
[Site "SchemingMind.com"]
[Date "2008.05.30"]
[Round "-"]
[White "CenturyBugs"]
[Black "Konan_Kaddosh"]
[Result "0-1"]
[WhiteCountry "ENG"]
[BlackCountry "ITA"]
[WhiteElo "2062"]
[WhiteRD "78"]
[BlackElo "2525"]
[BlackRD "62"]
[GameID "156945"]

1. c4 e5 2. Nc3 Nf6 3. Nf3 Nc6 4. e3 Bb4 5. Qc2 O-O 6. Nd5 Re8 7. Bd3 g6 8. a3 Bf8 9. Nxf6+ Qxf6 10. O-O Bg7
11. Be4 d6 12. Qb3 Nd8 13. Rd1 Qe7 14. Re1 Ne6 15. Qc2 c6 16. Bd3 d5 17. cxd5 cxd5 18. Bb5 e4 19. Bxe8 exf3 20. Ba4 Nf4
21. g3 Ne2+ 22. Kh1 Bh3 23. Rg1 Qe6 24. d4 Bg2+ 25. Rxg2 Qh3 26. Rg1 Nxg1 27. Qc8+ Rxc8 28. Kxg1 Qg2#
0-1

[Event "Ambitious"]
[Site "SchemingMind.com"]
[Date "2008.05.29"]
[Round "-"]
[White "dcon"]
[Black "Konan_Kaddosh"]
[Result "0-1"]
[WhiteCountry "RSA"]
[BlackCountry "ITA"]
[WhiteElo "2234"]
[WhiteRD "63"]
[BlackElo "2555"]
[BlackRD "61"]
[GameID "156946"]

1. d4 Nf6 2. c4 e6 3. Nc3 d5 4. Bg5 Be7 5. e3 O-O 6. Nf3 Nbd7 7. Rc1 h6 8. Bh4 c6 9. Bd3 dxc4 10. Bxc4 b5
11. Bd3 a6 12. Ne4 Nxe4 13. Bxe7 Nxf2 14. Bxd8 Nxd1 15. Kxd1 Rxd8 16. Be4 Bb7 17. Bxc6 Bxc6 18. Rxc6 Rdc8 19. Rc2 f5 20. Rf1 g6
21. a3 Kg7 22. Rff2 Kf6 23. e4 Nb6 24. Ne5 Rd8 25. Nc6 Rd7 26. g4 Rc8 27. exf5 exf5 28. gxf5 gxf5 29. b3 Nc4 30. bxc4 Rxc6
31. cxb5 Rxd4+ 32. Ke1 Rxc2 33. Rxc2 axb5 34. Rb2 Rd5 35. Ke2 h5 36. Rb4 Rc5 37. Kd3 Re5 38. h4 Ke6 39. Rf4 Rc5 40. Rb4 Ke5
41. a4 bxa4 42. Rxa4 f4 43. Re4+ Kf5 44. Re8 Rd5+ 45. Ke2 Re5+ 46. Rxe5+ Kxe5 47. Kf2 Ke4 48. Ke2 f3+ 49. Kf2 Kf4 50. Ke1 Kg3
51. Kf1 f2
0-1

[Event "Ambitious"]
[Site "SchemingMind.com"]
[Date "2008.06.01"]
[Round "-"]
[White "Milan"]
[Black "Konan_Kaddosh"]
[Result "0-1"]
[WhiteCountry "CZE"]
[BlackCountry "ITA"]
[WhiteElo "1812"]
[WhiteRD "84"]
[BlackElo "2525"]
[BlackRD "62"]
[GameID "157393"]

1. e4 c5 2. Nc3 Nc6 3. g4 d6 4. d3 e5 5. Bg2 Be6 6. h3 Be7 7. Nge2 h5 8. gxh5 Qd7 9. f4 Bh4+ 10. Kf1 g6
11. Ng1 exf4 12. Bxf4 Nf6 13. Nf3 Nxh5 14. Nxh4 Nxf4 15. Nf3 Bxh3 16. Bxh3 Rxh3 17. Rxh3 Qxh3+ 18. Kf2 Nd4 19. Nxd4 cxd4 20. Ne2 Qe3+
21. Kf1 Qf3+
0-1

[Event "Ambitious"]
[Site "SchemingMind.com"]
[Date "2008.06.03"]
[Round "-"]
[White "Milan"]
[Black "CenturyBugs"]
[Result "0-1"]
[WhiteCountry "CZE"]
[BlackCountry "ENG"]
[WhiteElo "1792"]
[WhiteRD "82"]
[BlackElo "2088"]
[BlackRD "67"]
[GameID "157394"]

1. e4 c5 2. Nc3 Nc6 3. g4 e5 4. Bc4 Nd4 5. Nd5 d6 6. c3 Nc6 7. d3 Be6 8. h3 Nf6 9. Bg5 Be7 10. Nxe7 Qxe7
11. Bxe6 Qxe6 12. Qb3 Qxb3 13. axb3 Nd7 14. Ne2 a5 15. Kd2 b6 16. f4 f6 17. Bh4 exf4 18. Bf2 g5 19. h4 Nde5 20. hxg5 fxg5
21. Rh6 O-O-O 22. d4 Nxg4
0-1

[Event "Ambitious"]
[Site "SchemingMind.com"]
[Date "2008.06.01"]
[Round "-"]
[White "Milan"]
[Black "dcon"]
[Result "0-1"]
[WhiteCountry "CZE"]
[BlackCountry "RSA"]
[WhiteElo "1812"]
[WhiteRD "84"]
[BlackElo "2202"]
[BlackRD "62"]
[GameID "157395"]

1. e4 d5 2. exd5 Qxd5 3. Nc3 Qa5 4. d4 Nf6 5. Nf3 Bg4 6. h3 Bh5 7. g4 Bg6 8. Ne5 e6 9. Bg2 c6 10. h4 Be4
11. Bxe4 Nxe4 12. Qf3 Nd6 13. Bd2 f6 14. Nd3 Nd7 15. O-O-O O-O-O 16. Qe2 Re8 17. f4 Qb6 18. Be3 Nc4 19. Bf2 Qa5 20. Kb1 Nxb2
21. Nxb2 Qxc3 22. Qc4 Qf3
0-1

[Event "Ambitious"]
[Site "SchemingMind.com"]
[Date "2008.06.01"]
[Round "-"]
[White "Konan_Kaddosh"]
[Black "Milan"]
[Result "1-0"]
[WhiteCountry "ITA"]
[BlackCountry "CZE"]
[WhiteElo "2525"]
[WhiteRD "62"]
[BlackElo "1812"]
[BlackRD "84"]
[GameID "157396"]

1. e4 c6 2. d4 d5 3. e5 Bf5 4. Nf3 e6 5. Be2 Nd7 6. O-O Ne7 7. Nh4 Bg6 8. Nd2 Nf5 9. Nxg6 hxg6 10. Nf3 c5
11. c4 cxd4 12. cxd5 exd5 13. Bf4 Be7 14. g4 Nh6 15. Qxd4 Nxg4 16. e6 Ndf6 17. exf7+ Kxf7 18. h3 Nh6 19. Ne5+
1-0

[Event "Ambitious"]
[Site "SchemingMind.com"]
[Date "2008.06.03"]
[Round "-"]
[White "CenturyBugs"]
[Black "Milan"]
[Result "1-0"]
[WhiteCountry "ENG"]
[BlackCountry "CZE"]
[WhiteElo "2088"]
[WhiteRD "67"]
[BlackElo "1792"]
[BlackRD "82"]
[GameID "157397"]

1. c4 c6 2. Nf3 Nf6 3. d4 d5 4. Nc3 a6 5. cxd5 cxd5 6. Bf4 Nc6 7. e3 e6 8. Bd3 Bb4 9. O-O Bxc3 10. bxc3 O-O
11. Qc2 h6 12. Rab1 b5 13. a4 bxa4 14. Qxa4 Bd7 15. Qa3 a5 16. Rb7 Ra7 17. Rxa7 Nxa7 18. Ra1 Nc6 19. Qd6 Ne8 20. Bh7+ Kxh7
21. Qxf8 Ne7 22. Qxf7
1-0

[Event "Ambitious"]
[Site "SchemingMind.com"]
[Date "2008.06.01"]
[Round "-"]
[White "dcon"]
[Black "Milan"]
[Result "1-0"]
[WhiteCountry "RSA"]
[BlackCountry "CZE"]
[WhiteElo "2202"]
[WhiteRD "62"]
[BlackElo "1812"]
[BlackRD "84"]
[GameID "157398"]

1. d4 c6 2. c4 d5 3. Nf3 Nf6 4. Nc3 Bf5 5. Bg5 Nbd7 6. e3 e6 7. Rc1 Rc8 8. cxd5 cxd5 9. Qb3 Qb6 10. Qxb6 Nxb6
11. Bb5+ Nfd7 12. O-O Be7 13. Na4 Rxc1 14. Rxc1 Bxg5 15. Nxb6 axb6 16. Nxg5 Ke7 17. Rc7
1-0

[Event "Ambitious"]
[Site "SchemingMind.com"]
[Date "2008.06.02"]
[Round "-"]
[White "capablanca"]
[Black "Konan_Kaddosh"]
[Result "0-1"]
[WhiteCountry "GER"]
[BlackCountry "ITA"]
[WhiteElo "1789"]
[WhiteRD "61"]
[BlackElo "2525"]
[BlackRD "62"]
[GameID "157423"]

1. e4 c5 2. Nf3 Nc6 3. d4 cxd4 4. Nxd4 e5 5. Nb3 Nf6 6. Bg5 Bb4+ 7. N1d2 h6 8. Bxf6 Qxf6 9. Bc4 O-O 10. O-O Be7
11. Qf3 Qxf3 12. Nxf3 d6 13. Rfd1 g6 14. c3 Kg7 15. Nbd2 f5 16. exf5 gxf5 17. Nf1 Na5 18. Bd5 Bd7 19. c4 Rad8 20. Ng3 Nc6
21. Ne2 Bf6 22. Rab1 Rfe8 23. Nc3 e4 24. Bxc6 bxc6 25. Nd4 f4 26. Nce2 Be5 27. Nc2 Rg8 28. Ned4 c5 29. Nb3 Kh7 30. Re1 Bf5
31. Na3 Rg7 32. Nb5 e3 33. Nc7 Rdg8
0-1

[Event "Ambitious"]
[Site "SchemingMind.com"]
[Date "2008.06.03"]
[Round "-"]
[White "capablanca"]
[Black "CenturyBugs"]
[Result "0-1"]
[WhiteCountry "GER"]
[BlackCountry "ENG"]
[WhiteElo "1789"]
[WhiteRD "61"]
[BlackElo "2062"]
[BlackRD "78"]
[GameID "157424"]

1. e4 c6 2. d4 d5 3. Nc3 dxe4 4. Nxe4 Bf5 5. Ng3 Bg6 6. h4 h6 7. h5 Bh7 8. Nf3 Nd7 9. Bd3 Bxd3 10. Qxd3 e6
11. Ne5 Nxe5 12. dxe5 Qa5+ 13. Qc3 Bb4
0-1

[Event "Ambitious"]
[Site "SchemingMind.com"]
[Date "2008.06.01"]
[Round "-"]
[White "capablanca"]
[Black "dcon"]
[Result "0-1"]
[WhiteCountry "GER"]
[BlackCountry "RSA"]
[WhiteElo "1789"]
[WhiteRD "61"]
[BlackElo "2202"]
[BlackRD "62"]
[GameID "157425"]

1. e4 d5 2. exd5 Qxd5 3. Nc3 Qa5 4. d4 Nf6 5. Nf3 Bf5 6. Bc4 e6 7. Bd2 c6 8. Ne5 Nbd7 9. Nd5 Qd8 10. Ne3 Bg6
11. Nxg6 hxg6 12. Qf3 Nb6 13. c3 Nxc4 14. Nxc4 Rc8 15. O-O-O Qd5 16. Qxd5 cxd5 17. Ne5 Ne4 18. Be3 b5 19. f3 Nd6 20. Kb1 a5
21. Rc1 Nc4 22. Nxc4 Rxc4 23. Rhd1 Rxh2 24. g4 Bd6 25. Rh1 Re2 26. Rh8+ Ke7 27. Bg1 Bf4 28. Rf1 b4 29. cxb4 Rcc2
0-1

[Event "Ambitious"]
[Site "SchemingMind.com"]
[Date "2008.06.01"]
[Round "-"]
[White "capablanca"]
[Black "Milan"]
[Result "0-1"]
[WhiteCountry "GER"]
[BlackCountry "CZE"]
[WhiteElo "1789"]
[WhiteRD "61"]
[BlackElo "1812"]
[BlackRD "84"]
[GameID "157426"]

1. e4 c6 2. d4 d5 3. Nc3 dxe4 4. Nxe4 Bf5 5. Ng3 Bg6 6. h4 h6 7. Nf3 Nd7 8. h5 Bh7 9. Bd3 Bxd3 10. Qxd3 e6
11. Bf4 Qa5+ 12. Bd2 Qc7 13. O-O-O Ngf6 14. Ne4 O-O-O 15. Qb3 Nxe4
0-1

[Event "Ambitious"]
[Site "SchemingMind.com"]
[Date "2008.06.02"]
[Round "-"]
[White "Konan_Kaddosh"]
[Black "capablanca"]
[Result "1-0"]
[WhiteCountry "ITA"]
[BlackCountry "GER"]
[WhiteElo "2525"]
[WhiteRD "62"]
[BlackElo "1789"]
[BlackRD "61"]
[GameID "157427"]

1. e4 e6 2. d4 d5 3. Nc3 Bb4 4. e5 c5 5. a3 Bxc3+ 6. bxc3 Ne7 7. Nf3 Nbc6 8. Be2 Qb6 9. O-O Nf5 10. a4 cxd4
11. g4 Nfe7 12. cxd4 Na5 13. Ba3 Nc4 14. Bxc4 dxc4 15. Ng5 Qc6 16. Qe1 a5 17. Ne4 Nd5 18. Nd6+ Kd7 19. Nxf7 Nb4 20. Nxh8 b6
21. Bxb4 Bb7 22. d5 exd5 23. e6+ Kc7 24. Qe5+ Kc8 25. e7
1-0

[Event "Ambitious"]
[Site "SchemingMind.com"]
[Date "2008.06.03"]
[Round "-"]
[White "CenturyBugs"]
[Black "capablanca"]
[Result "1-0"]
[WhiteCountry "ENG"]
[BlackCountry "GER"]
[WhiteElo "2062"]
[WhiteRD "78"]
[BlackElo "1789"]
[BlackRD "61"]
[GameID "157428"]

1. c4 c5 2. Nc3 Nc6 3. Nf3 Nf6 4. g3 e6 5. Bg2 d5 6. cxd5 exd5 7. d4 Bf5 8. Bg5 c4 9. Bxf6 Qxf6 10. Nxd5 Qd6
11. Ne3 Qb4+ 12. Qd2 Qxd2+ 13. Kxd2 Bb4+ 14. Kc1 Bg6 15. Nxc4 Rc8 16. Kd1 b5 17. Ncd2 O-O 18. Bh3 Rcd8 19. e3 Rfe8 20. Rc1 Na5
21. Rc7 Bxd2 22. Kxd2 Be4 23. Ke2 a6 24. Rhc1 Nc4 25. b3 Nd6 26. Ng5 Bg6 27. R1c6 a5 28. Bd7 Rxd7 29. Rxd7
1-0

[Event "Ambitious"]
[Site "SchemingMind.com"]
[Date "2008.06.02"]
[Round "-"]
[White "dcon"]
[Black "capablanca"]
[Result "1-0"]
[WhiteCountry "RSA"]
[BlackCountry "GER"]
[WhiteElo "2202"]
[WhiteRD "62"]
[BlackElo "1789"]
[BlackRD "61"]
[GameID "157429"]

1. d4 Nf6 2. c4 e6 3. Nc3 Bb4 4. Nf3 d5 5. Bg5 dxc4 6. e3 Nbd7 7. Bxc4 b6 8. Ne5 c5 9. Qf3 Rb8 10. O-O Bb7
11. Qg3 Qc8 12. Nxd7 Kxd7 13. Rfd1 Ke8 14. Qd6 a6 15. Nb5 Qc6 16. Nc7+
1-0

[Event "Ambitious"]
[Site "SchemingMind.com"]
[Date "2008.06.01"]
[Round "-"]
[White "Milan"]
[Black "capablanca"]
[Result "1/2-1/2"]
[WhiteCountry "CZE"]
[BlackCountry "GER"]
[WhiteElo "1812"]
[WhiteRD "84"]
[BlackElo "1789"]
[BlackRD "61"]
[GameID "157430"]

1. e4 e5 2. Nf3 Nc6 3. d4 exd4 4. Nxd4 Nf6 5. Nxc6 bxc6 6. e5 Qe7 7. Qe2 Nd5 8. c4 Ba6 9. b3 d6 10. Qe4 Nb4
11. a3 f5 12. Qe2 Nd5 13. Qf3 Qxe5+ 14. Qe2 Qxe2+ 15. Bxe2 Nf6 16. O-O Be7 17. Re1 O-O 18. Bf3 Ne4 19. Bxe4 fxe4 20. Rxe4 Bf6
21. Ra2 Rae8 22. Rae2 Rxe4 23. Rxe4 Bc8 24. Re1 Bf5 25. Bd2 Kf7 26. Be3 Re8 27. Nd2 a6 28. Nf3 d5 29. cxd5 cxd5 30. Rc1 Rc8
31. Nd4 Bd7 32. b4 Be5 33. Rc5 Bxd4 34. Bxd4 c6 35. f3 Re8 36. Kf2 g6=
1/2-1/2

[Event "Ambitious"]
[Site "SchemingMind.com"]
[Date "2008.06.02"]
[Round "-"]
[White "Netferatu"]
[Black "capablanca"]
[Result "1-0"]
[WhiteCountry "ARG"]
[BlackCountry "GER"]
[WhiteElo "2261"]
[WhiteRD "87"]
[BlackElo "1750"]
[BlackRD "58"]
[GameID "157464"]

1. e4 e6 2. d4 d5 3. Nc3 Bb4 4. e5 c5 5. a3 Bxc3+ 6. bxc3 c4 7. Qg4 Kf8 8. Be2 h6 9. Nh3 Ne7 10. O-O Ng6
11. Nf4 Nxf4 12. Bxf4 Nc6 13. Qg3 Qa5 14. a4 Ne7 15. Bh5 Nf5 16. Qf3 Bd7 17. Rfb1 Qc7 18. Bc1 g6 19. Bg4 Ke7 20. Bxf5 gxf5
21. Ba3+ Ke8 22. Qg3
1-0

[Event "Ambitious"]
[Site "SchemingMind.com"]
[Date "2008.06.02"]
[Round "-"]
[White "Netferatu"]
[Black "Konan_Kaddosh"]
[Result "0-1"]
[WhiteCountry "ARG"]
[BlackCountry "ITA"]
[WhiteElo "2287"]
[WhiteRD "89"]
[BlackElo "2570"]
[BlackRD "66"]
[GameID "157465"]

1. e4 c5 2. Nf3 Nc6 3. d4 cxd4 4. Nxd4 e5 5. Nb5 d6 6. c4 Be7 7. N1c3 a6 8. Na3 f5 9. Bd3 f4 10. Nc2 Nf6
11. b3 O-O 12. Bb2 Qe8 13. Be2 Qg6 14. Bf3 Bg4 15. Bxg4 Nxg4 16. Qf3 Rf7 17. Nd5 Nf6 18. Nxf6+ Rxf6 19. Rd1 b5 20. cxb5 axb5
21. a3 b4 22. a4 Ra5 23. O-O Rf8 24. Rd2 Rc5 25. Rc1 h6 26. h3 Rb8 27. Rcd1 Nd8 28. Ne1 Nf7 29. Qd3 Rbc8 30. Kh1 Ng5
31. f3 d5 32. exd5 e4 33. Qd4 Bf6 34. Qxb4 Bxb2 35. Rxb2 exf3 36. Qxf4 Rf8 37. Qe3 fxg2+ 38. Rxg2 Rf1+ 39. Kh2 Qd6+ 40. Rg3 Nf3+
41. Nxf3 Rxd1 42. Qe8+ Qf8 43. Qxf8+ Kxf8 44. Rg4 Rc3 45. Rf4+ Ke7 46. b4 g5 47. Rf5 Rdd3 48. Kg2 Rc2+ 49. Kg3 Rc4 50. b5 Rxa4
51. b6 Rb4 52. b7 h5 53. Kf2 Rxb7 54. Nxg5 Rb2+ 55. Kg1 Rd1+ 56. Rf1 Rxf1+ 57. Kxf1 Kd6 58. Ne4+ Ke5 59. Nf2 Rd2 60. h4 Kf4
0-1

[Event "Ambitious"]
[Site "SchemingMind.com"]
[Date "2008.06.03"]
[Round "-"]
[White "Netferatu"]
[Black "CenturyBugs"]
[Result "1-0"]
[WhiteCountry "ARG"]
[BlackCountry "ENG"]
[WhiteElo "2261"]
[WhiteRD "87"]
[BlackElo "2088"]
[BlackRD "67"]
[GameID "157466"]

1. e4 c5 2. Nf3 Nc6 3. d4 cxd4 4. Nxd4 g6 5. c4 Bg7 6. Be3 Nf6 7. Nc3 Ng4 8. Qxg4 Nxd4 9. Qd1 Ne6 10. Rc1 O-O
11. Be2 Qa5 12. O-O Bxc3 13. Rxc3 Qxa2 14. Qc2 Qa6 15. f4 Qd6 16. c5 Qc6 17. f5 Nc7 18. Bh6 Rd8 19. Bc4 Kh8 20. Bxf7 gxf5
21. Qd2 Qxe4 22. Rg3 Qe5 23. Qg5 Qxc5+ 24. Kh1
1-0

[Event "Ambitious"]
[Site "SchemingMind.com"]
[Date "2008.06.02"]
[Round "-"]
[White "Netferatu"]
[Black "dcon"]
[Result "1-0"]
[WhiteCountry "ARG"]
[BlackCountry "RSA"]
[WhiteElo "2304"]
[WhiteRD "90"]
[BlackElo "2251"]
[BlackRD "65"]
[GameID "157467"]

1. e4 c5 2. Nf3 Nc6 3. d4 cxd4 4. Nxd4 g6 5. c4 Bg7 6. Be3 Nf6 7. Nc3 O-O 8. Be2 d6 9. O-O Bd7 10. Qd2 Nxd4
11. Bxd4 Bc6 12. Bd3 Nh5 13. Bxg7 Kxg7 14. b4 a6 15. Be2 Nf6 16. Qd4 Qb8 17. b5 axb5 18. cxb5 Bd7 19. f4 e5 20. fxe5 dxe5
21. Qf2 Qd8 22. Rad1 Rc8 23. Qg3 Qc7 24. Qg5 Ng8 25. Na4 f5 26. exf5 Bxf5 27. g4 h6 28. Qe3 Be6 29. Rxf8 Rxf8 30. b6 Qf7
31. Rc1 Qf6 32. Rf1 Qe7= 33. Qxe5+ Rf6 34. Nc3 Bf7 35. Qxe7 Nxe7 36. Rxf6 Kxf6 37. Bf3 Nc8 38. Na4 Nd6 39. Nc5 Bxa2 40. Bxb7 Nxb7
41. Nxb7 Ke7 42. Kf2 g5 43. Ke3 Kd7 44. Nc5+ Kc6 45. b7 Kc7 46. Kd4 Bf7 47. Ke5 h5 48. Kf5 hxg4 49. Kxg4
1-0

[Event "Ambitious"]
[Site "SchemingMind.com"]
[Date "2008.06.02"]
[Round "-"]
[White "Netferatu"]
[Black "Milan"]
[Result "1-0"]
[WhiteCountry "ARG"]
[BlackCountry "CZE"]
[WhiteElo "2279"]
[WhiteRD "89"]
[BlackElo "1800"]
[BlackRD "81"]
[GameID "157468"]

1. c4 c6 2. e4 d5 3. exd5 cxd5 4. d4 Nf6 5. Nc3 e6 6. Nf3 Bb4 7. cxd5 Nxd5 8. Qc2 Nc6 9. Be2 O-O 10. O-O Be7
11. Rd1 Bf6 12. Qe4 Nce7 13. h4 Bd7 14. Ne5 Nxc3 15. bxc3 Bxe5 16. dxe5 Qc7 17. Ba3 Bc6 18. Qf4 Rfd8 19. Bd6 Qd7 20. h5 h6
21. c4 Qe8 22. Bd3 Nf5 23. Bxf5 exf5 24. Qxf5 Qe6 25. Qxe6 fxe6 26. Rab1 Rd7 27. Rd4 Rad8 28. Rb3 a6 29. c5 Rf7 30. Rh4 Rdd7
31. f4 Rf5 32. Rbh3 Rdf7 33. g3 Bd5 34. a3 Rd7 35. Kf2 Rdf7 36. Ke3 Rd7 37. Rh2 Rff7 38. Rd2 Bc6 39. g4
1-0

[Event "Ambitious"]
[Site "SchemingMind.com"]
[Date "2008.06.02"]
[Round "-"]
[White "capablanca"]
[Black "Netferatu"]
[Result "0-1"]
[WhiteCountry "GER"]
[BlackCountry "ARG"]
[WhiteElo "1750"]
[WhiteRD "58"]
[BlackElo "2261"]
[BlackRD "87"]
[GameID "157469"]

1. e4 c5 2. Nf3 d6 3. d4 cxd4 4. Nxd4 Nf6 5. Nc3 a6 6. f3 e5 7. Nb3 Be6 8. Bg5 Be7 9. Bxf6 Bxf6 10. Nd5 Nd7
11. Nxf6+ Nxf6 12. Qd2 O-O 13. O-O-O d5 14. exd5 Bxd5 15. Nc5 Qc7 16. Nb3 Bxb3 17. axb3 Rad8 18. Bd3 Rd5 19. Qe3 g6 20. Bc4 Rc5
21. Rd2 b5 22. Bd3 Nd5 23. Qh6 Qa5 24. c3 Qa1+ 25. Bb1 Nxc3 26. bxc3 Rxc3+ 27. Rc2 Rxc2+ 28. Kxc2 Rc8+ 29. Kd2 Qb2+ 30. Ke3 Rd8
31. f4 Qc3+ 32. Kf2 Rd2+
0-1

[Event "Ambitious"]
[Site "SchemingMind.com"]
[Date "2008.06.02"]
[Round "-"]
[White "Konan_Kaddosh"]
[Black "Netferatu"]
[Result "1/2-1/2"]
[WhiteCountry "ITA"]
[BlackCountry "ARG"]
[WhiteElo "2598"]
[WhiteRD "63"]
[BlackElo "2312"]
[BlackRD "89"]
[GameID "157470"]

1. e4 e5 2. Nf3 Nf6 3. Nxe5 d6 4. Nf3 Nxe4 5. d4 d5 6. Bd3 Nc6 7. O-O Be7 8. c4 Nb4 9. Be2 O-O 10. Nc3 Bf5
11. a3 Nxc3 12. bxc3 Nc6 13. Re1 Re8 14. cxd5 Qxd5 15. Bf4 Rac8 16. Bd3 Qd7 17. Rb1 Bxd3 18. Qxd3 b6 19. d5 Na5 20. Ne5 Qd8
21. Re3 Bd6 22. Rbe1 Bxe5 23. Rxe5 Qd7 24. h4 Rxe5 25. Rxe5 Nb7 26. h5 h6 27. Qe3 Rf8 28. c4 Nd6 29. Re7 Qd8 30. Qe2 Nxc4
31. Rxc7 b5 32. Qd3 Qf6 33. g3 a6 34. Rc6 Qa1+ 35. Kg2 Ne5 36. Bxe5 Qxe5 37. Rxa6 Rd8 38. Ra5 Qxd5+ 39. Qxd5 Rxd5 40. a4 Rd4
41. Ra8+ Kh7 42. axb5 Rb4 43. Rb8 g6 44. hxg6+ Kxg6 45. b6 Kf5 46. b7 Rb3 47. Kf1 Rb2 48. Ke1 h5 49. Kd1 Kf6 50. Kc1 Rb4
51. Kd2 Rb1 52. Ke3 Rb4 53. Kf3 Rb2 54. Kg2 Kf5 55. Kg1 Rb4 56. Kf1 Rb2 57. Ke1 Kf6 58. Kd1 Rb6 59. Kc2 Rb4 60. Kc3 Rb1
61. Kc4 Rc1+ 62. Kd5 Rd1+ 63. Kc6 Rc1+ 64. Kd7 Rd1+ 65. Ke8 Re1+ 66. Kf8 Rb1 67. Kg8 Rb5 68. Kh7 Rb4 69. f4 Rb6 70. Kh6 Rb5
71. Ra8 Rxb7 72. Kxh5 Rb5+ 73. Kg4=
1/2-1/2

[Event "Ambitious"]
[Site "SchemingMind.com"]
[Date "2008.06.03"]
[Round "-"]
[White "CenturyBugs"]
[Black "Netferatu"]
[Result "1/2-1/2"]
[WhiteCountry "ENG"]
[BlackCountry "ARG"]
[WhiteElo "2063"]
[WhiteRD "70"]
[BlackElo "2287"]
[BlackRD "89"]
[GameID "157471"]

1. d4 Nf6 2. Bg5 Ne4 3. Bh4 c5 4. f3 g5 5. Bg3 Nxg3 6. hxg3 Qb6 7. Qc1 cxd4 8. c3 Nc6 9. cxd4 Nxd4 10. e4 Bg7
11. Nc3 Qd6 12. Nge2 Nxe2 13. Nxe2 Qe5 14. Qc3 h5 15. Rd1 d6 16. Qxe5 Bxe5 17. b3 Bd7 18. f4 Bf6 19. fxg5 Bxg5 20. Rd5 f6
21. Nf4 Rc8 22. Bc4 a6 23. Rxh5 Rxh5 24. Nxh5 b5 25. Bf1 Rc1+ 26. Rd1 Rc2 27. Nf4 Rxa2 28. b4 Bg4 29. Rb1 e5 30. Be2 Bxe2
31. Nxe2 Ra3 32. Kf2 Bd2 33. Nc1 Kd7 34. Ke2 Bxc1 35. Rxc1 Rb3 36. Ra1 Rxb4 37. Ke3 Ra4 38. Rd1 a5 39. g4 Rb4 40. Rd3 a4
41. g3 Rb3 42. Rxb3 axb3 43. Kd3 b4 44. Kd2 d5 45. exd5 e4 46. g5 fxg5 47. Kc1 e3 48. Kd1 b2 49. Kc2 b3+ 50. Kxb2 e2
51. Kxb3 e1=Q 52. g4 Qc1 53. Kb4 Kd6 54. Kb3 Kxd5 55. Ka2 Kc4
1/2-1/2

[Event "Ambitious"]
[Site "SchemingMind.com"]
[Date "2008.06.02"]
[Round "-"]
[White "dcon"]
[Black "Netferatu"]
[Result "1/2-1/2"]
[WhiteCountry "RSA"]
[BlackCountry "ARG"]
[WhiteElo "2288"]
[WhiteRD "58"]
[BlackElo "2287"]
[BlackRD "89"]
[GameID "157472"]

1. d4 Nf6 2. c4 e6 3. Nc3 Bb4 4. Bg5 h6 5. Bh4 c5 6. e3 cxd4 7. exd4 Nc6 8. a3 Be7 9. Nf3 d5 10. c5 Ne4
11. Bxe7 Qxe7 12. Nxe4 dxe4 13. Nd2 f5 14. Bb5 O-O 15. Nc4 Bd7 16. Nd6 a6 17. Bc4 b5 18. Ba2 Qf6 19. d5 Ne5 20. O-O Nd3
21. b4 a5 22. c6 exd5 23. Bxd5+ Be6 24. Qb3 Bxd5 25. Qxd5+ Kh7 26. c7 axb4 27. Nxb5 h5 28. Nd6 bxa3 29. c8=Q Rfxc8 30. Nxc8 Rxc8
31. Rxa3= Rd8 32. Qb5 h4 33. Ra5 Rf8 34. Qc4 Qg6 35. Kh1 h3 36. g3 Qb6 37. Ra2 Qb7 38. Kg1 Ne5 39. Qa6 Nf3+ 40. Kh1 Rb8
41. Qxb7 Rxb7 42. Rc1 Kh6 43. Rac2 Rd7 44. Re2 Kh5 45. Rec2 g5 46. Rf1= Ra7 47. Rfc1 Ne5 48. Rd1 Kg4 49. Rf1 Nd3 50. Kg1 Kf3
51. Rd2= Ra3 52. Rb1 f4 53. Rf1 Ra5 54. Rfd1 Rc5= 55. Ra1 Nc1 56. Rb2= Rc4 57. gxf4 gxf4 58. Rab1 Rc3 59. Rd2 Nd3 60. Ra1=
1/2-1/2

[Event "Ambitious"]
[Site "SchemingMind.com"]
[Date "2008.06.02"]
[Round "-"]
[White "Milan"]
[Black "Netferatu"]
[Result "0-1"]
[WhiteCountry "CZE"]
[BlackCountry "ARG"]
[WhiteElo "1792"]
[WhiteRD "82"]
[BlackElo "2261"]
[BlackRD "87"]
[GameID "157473"]

1. e4 c5 2. Nc3 Nc6 3. g4 e6 4. d3 d5 5. Bg2 d4 6. Nce2 e5 7. Ng3 Be6 8. f4 exf4 9. Bxf4 Nge7 10. Nf5 Ng6
11. Bd2 Nh4 12. Bh3 g6 13. Ng3 Ne5 14. Qe2 c4 15. dxc4 d3 16. cxd3 Nxd3+ 17. Kd1 Bxc4
0-1